000 00588cam a22002053a 4500
001 19727
003 PGUSA
005 20140828083422.0
008 061106s2006||||xxu|||||s|||||000 | eng d
040 _aPGUSA
_beng
042 _adc
100 1 _aHögman, Aukusti
245 1 0 _aMerimiehen matkamuistelmia I :
_bJa haaksirikko
_h[electronic resource] /
_cAukusti Högman
260 _bProject Gutenberg,
_c2006
506 _aPublic domain in the USA.
516 _aElectronic text
830 0 _aProject Gutenberg
_v19727
856 4 0 _uhttp://www.gutenberg.org/ebooks/19727
942 _cEB
999 _c248982
_d248982